| Tag |
First Indicator |
Second Indicator |
Subfields |
| LEADER |
00000cam a2200000Ii 4500 |
| 001 |
in00003512331 |
| 006 |
m o d |
| 007 |
cr unu|||||||| |
| 008 |
080719s1980 gw a ob 101 0 eng d |
| 005 |
20260422210951.6 |
| 019 |
|
|
|a 645771046
|a 680222688
|
| 020 |
|
|
|a 9783540385417 (electronic bk.)
|
| 020 |
|
|
|a 354038541X (electronic bk.)
|
| 020 |
|
|
|z 0387097279
|
| 020 |
|
|
|z 9780387097275
|
| 020 |
|
|
|z 3540097279
|
| 020 |
|
|
|z 9783540097273
|
| 035 |
|
|
|a (OCoLC)234257733
|z (OCoLC)645771046
|z (OCoLC)680222688
|
| 040 |
|
|
|a SPLNP
|b eng
|e pn
|c SPLNP
|d GW5XE
|d OCLCQ
|d GW5XE
|d OCLCE
|d OCLCF
|d OCLCQ
|d OCLCO
|d UtOrBLW
|
| 042 |
|
|
|a dlr
|
| 049 |
|
|
|a TXAM
|
| 050 |
|
4 |
|a QC476.C6
|b I42
|
| 082 |
0 |
4 |
|a 539.2
|
| 084 |
|
|
|a UD 8220
|2 rvk
|
| 245 |
0 |
0 |
|a Imaging processes and coherence in physics :
|b proceedings of a workshop held at the Centre de physique, Les Houches, France, March 1979 /
|c edited by M. Schlenker [and others].
|
| 264 |
|
1 |
|a Berlin ;
|a New York :
|b Springer-Verlag,
|c 1980.
|
| 300 |
|
|
|a 1 online resource (xix, 577 pages) :
|b illustrations.
|
| 336 |
|
|
|a text
|b txt
|2 rdacontent
|
| 337 |
|
|
|a computer
|b c
|2 rdamedia
|
| 338 |
|
|
|a online resource
|b cr
|2 rdacarrier
|
| 490 |
1 |
|
|a Lecture notes in physics,
|x 1616-6361 ;
|v 112
|
| 504 |
|
|
|a Includes bibliographical references and index.
|
| 538 |
|
|
|a Master and use copy. Digital master created according to Benchmark for Faithful Digital Reproductions of Monographs and Serials, Version 1. Digital Library Federation, December 2002.
|u http://purl.oclc.org/DLF/benchrepro0212
|5 MiAaHDL
|
| 583 |
1 |
|
|a digitized
|c 2010
|h HathiTrust Digital Library
|l committed to preserve
|2 pda
|5 MiAaHDL
|
| 500 |
|
|
|a Electronic resource.
|
| 650 |
|
0 |
|a Coherence (Optics)
|v Congresses.
|
| 650 |
|
0 |
|a Coherence (Nuclear physics)
|v Congresses.
|
| 650 |
|
0 |
|a Image processing
|v Congresses.
|
| 650 |
|
7 |
|a Coherence (Nuclear physics)
|2 fast
|0 (OCoLC)fst00866579
|
| 650 |
|
7 |
|a Coherence (Optics)
|2 fast
|0 (OCoLC)fst00866580
|
| 650 |
|
7 |
|a Image processing.
|2 fast
|0 (OCoLC)fst00967501
|
| 650 |
|
7 |
|a Cohérence (optique)
|x Congrès.
|2 ram
|
| 650 |
|
7 |
|a Cohérence (physique nucléaire)
|x Congrès.
|2 ram
|
| 650 |
|
7 |
|a Traitement d'images
|x Congrès.
|2 ram
|
| 650 |
0 |
7 |
|a Bildanalyse.
|2 swd
|
| 650 |
0 |
7 |
|a Elektronenoptik.
|2 swd
|
| 650 |
0 |
7 |
|a Holographie.
|2 swd
|
| 650 |
0 |
7 |
|a Kohärenz.
|2 swd
|
| 650 |
0 |
7 |
|a Kongress.
|2 swd
|
| 650 |
0 |
7 |
|a Kongre€.
|2 swd
|
| 650 |
0 |
7 |
|a Neutronenoptik.
|2 swd
|
| 650 |
0 |
7 |
|a Optische Abbildung.
|2 swd
|
| 650 |
0 |
7 |
|a Röntgenoptik.
|2 swd
|
| 655 |
|
7 |
|a Electronic books.
|2 local
|
| 655 |
|
7 |
|a Conference proceedings.
|2 fast
|0 (OCoLC)fst01423772
|
| 700 |
1 |
|
|a Schlenker, M.
|q (Michel),
|d 1940-
|
| 710 |
2 |
|
|a SpringerLink (Online service)
|
| 776 |
1 |
8 |
|i Print version:
|t Imaging processes and coherence in physics.
|d Berlin ; New York : Springer-Verlag, 1980
|z 0387097279
|w (DLC) 79027215
|w (OCoLC)5831113
|
| 830 |
|
0 |
|a Lecture notes in physics ;
|v 112.
|x 1616-6361
|
| 856 |
4 |
0 |
|u http://proxy.library.tamu.edu/login?url=https://link.springer.com/10.1007/3-540-09727-9
|z Connect to the full text of this electronic book
|t 0
|
| 994 |
|
|
|a 92
|b TXA
|
| 999 |
|
|
|a MARS
|
| 999 |
f |
f |
|s 1ed0571b-103f-3a4b-a108-73c2bb48c45d
|i a823600b-b6c4-3017-8fb0-66883b2e3c08
|t 0
|
| 952 |
f |
f |
|a Texas A&M University
|b College Station
|c Electronic Resources
|s www_evans
|d Available Online
|t 0
|e QC476.C6 I42
|h Library of Congress classification
|
| 998 |
f |
f |
|a QC476.C6 I42
|t 0
|l Available Online
|